Ueber die Auflösungsweise der sekundären Zellmembranen der Samen bei ihrer Keimung.
Saved in:
| Main Author: | |
|---|---|
| Format: | Book |
| Language: | German |
| Published: |
Stuttgart,
E. Nägele,
1894.
|
| Series: | Bibliotheca botanica ;
Heft 30. |
| Subjects: | |
| Tags: |
Add Tag
No Tags, Be the first to tag this record!
|
| LEADER | 00683nam a2200217I 4500 | ||
|---|---|---|---|
| 001 | 007770904-7 | ||
| 005 | 20020606104010.5 | ||
| 008 | 821222s1894 gw f 000 0 ger | ||
| 010 | |a 06046005 | ||
| 035 | 0 | |a ocm09077220 | |
| 040 | |a DLC |c UMC |d UMC |d BOH | ||
| 050 | |a QK740 |b .E4 | ||
| 100 | 1 | |a Elfert, Theodor. | |
| 245 | 1 | 0 | |a Ueber die Auflösungsweise der sekundären Zellmembranen der Samen bei ihrer Keimung. |c Von dr. Th. Elfert. Mit 2 Tafeln. |
| 260 | |a Stuttgart, |b E. Nägele, |c 1894. | ||
| 300 | |a viii, 26 p. |b II pl. |c 31 cm. | ||
| 490 | 1 | |a Bibliotheca botanica ; |v Heft 30 | |
| 650 | 0 | |a Germination. | |
| 830 | 0 | |a Bibliotheca botanica ; |v Heft 30. | |
| 988 | |a 20020608 | ||
| 906 | |0 DLC | ||


